00567nam a2200205 a 4500001001300000003000900013005001700022008004100039020002300080082002000103100002000123245004700143260005200190300000900242500003500251505001000286650002300296650002200319700002000341nice12345678IN_TiNIC20260116013712.0050524s1987 bera grp 000 0 eng  a0520565 c10000a909.097671bROF aRoff, William R aIslam and the Political Economy of Meaning aBerkeleybUniversity of California Press c1987 a297p aincludes index and biblioraphy2 aindex aIslam-20th Century aIslamic-Countries1 aRoff, William R